000 00323 a2200157 4500
001 60278
020 _a
040 _cAnchieta - Pituba
100 _aCastro, Ferreira de
240 1 0 _aObra Completa
_lpor
245 1 0 _aObra Completa
300 _a1037
362 0 _a1958
650 4 _aFicção portuguesa
942 _cBK
999 _c60278
_d60278